Three-Syllable Blitz Quiz Stats

Quiz Updated Apr 25, 2015

Also try: Two-Syllable Blitz
Challenge
Share
Tweet
Embed
Score 0/32 Timer 04:00
6 Plays Today
Hint Answer % Correct
Day of the weekSaturday
98.9%
PlanetJupiter
98.1%
U.S. President (surname)Obama
89.6%
U.S. stateIowa
89.4%
OceanPacific
87.3%
European countryKosovo
83%
MonthDecember
81.7%
Basic arithmetic operationAddition
78.2%
(Main) Friends character first nameMonica
78.1%
Borough of New York CityManhattan
76.1%
Zodiac signsCapricorn
75.6%
South American countryEcuador
74.4%
Rainbow colorIndigo
74%
Old Testament bookGenesis
72.9%
Oceania countryNew Zealand
72.3%
One-word prime numberEleven
70.3%
Hint Answer % Correct
English punctuation markQuestion Mark
68.3%
Bond movieMoonraker
67.2%
Section of an orchestraPercussion
65%
Pixar movieToy Story
64.6%
Teenage Mutant Ninja TurtleRaphael
62.9%
Deadly sinGluttony
59.8%
Human body systemSkeletal
59.1%
Part of speechConjunction
59%
European capitalAmsterdam
58.9%
Founder of RomeRomulus
55.4%
MLB TeamOrioles
54.2%
NFL team namePatriots
51.2%
Beatles #1 single (UK or US)Yesterday
51%
Form of heat transferConduction
50.7%
Main geological rock typeIgneous
50.7%
British Prime Minister surname (post 1900)Cameron
41.2%

You're not logged in!

Compare scores with friends on all Sporcle quizzes.
Join for Free
OR
Log In

You Might Also Like...

Show Comments

Extras

Top Quizzes Today


Score Distribution

Your Account Isn't Verified!

In order to create a playlist on Sporcle, you need to verify the email address you used during registration. Go to your Sporcle Settings to finish the process.

Report this User

Report this user for behavior that violates our Community Guidelines.

Details: